000 01038nam a2200325 i 4500
999 _c673
_d673
001 020546480
003 UkOxU
005 20191014122343.0
008 150914s2015 enka 000|0|eng|d
015 _aGBB5F6733
_2bnb
020 _a9780198366812
_qStudent book
035 _a(Uk)017601506
040 _aStDuBDS
_beng
_cStDuBDS
_erda
_dUkOxU
082 0 4 _a370.152 LAL
_223
100 1 _aLally, Jo,
_eauthor.
245 1 0 _aComplete global perspectives for Cambridge IGCSE® & O level /
_cJo Lally.
250 _aSecond edition.
264 1 _aOxford :
_bOxford University Press,
_c2015.
264 4 _c©2015
300 _a2 volumes :
_billustrations ;
_c28 cm
336 _atext
_2rdacontent
337 _aunmediated
_2rdamedia
338 _avolume
_2rdacarrier
505 0 _aStudent book
650 0 _aCritical thinking
_xStudy and teaching (Secondary)
_zGreat Britain.
650 0 _aResearch
_xStudy and teaching (Secondary)
_zGreat Britain.
942 _2ddc
_cNFIC